Sports Quiz

Random Sports or NHL Quiz

NHL Top 5 Per Team (2014-15) Quiz Stats

 Plays Quiz Updated Jul 2, 2015

Support Sporcle.
Go Orange.
Score 0/152 Timer 14:00
0 Plays Today
Hint Answer % Correct
Pittsburgh PenguinsSidney Crosby
82.9%
Chicago BlackhawksPatrick Kane
82.6%
Anaheim DucksCorey Perry
82.4%
Anaheim DucksRyan Getzlaf
81.6%
Chicago BlackhawksJonathan Toews
79.8%
Washington CapitalsAlex Ovechkin
78.4%
Pittsburgh PenguinsEvgeni Malkin
76.9%
Tampa Bay LightningSteven Stamkos
72.9%
Vancouver CanucksDaniel Sedin
72%
Vancouver CanucksHenrik Sedin
72%
Dallas StarsJamie Benn
71.9%
New York IslandersJohn Tavares
71.4%
Dallas StarsTyler Seguin
71.3%
Carolina HurricanesEric Staal
70.2%
Boston BruinsPatrice Bergeron
70.1%
Detroit Red WingsHenrik Zetterberg
70%
New York RangersRick Nash
69.7%
Philadelphia FlyersClaude Giroux
67.6%
Detroit Red WingsPavel Datsyuk
67.5%
Toronto Maple LeafsPhil Kessel
67.4%
Los Angeles KingsAnze Kopitar
67.4%
Edmonton OilersTaylor Hall
67.3%
San Jose SharksJoe Thornton
66.8%
Montreal CanadiensP.K. Subban
64.9%
Minnesota WildZach Parise
64.9%
Washington CapitalsNicklas Backstrom
63.6%
Tampa Bay LightningTyler Johnson
63.1%
Chicago BlackhawksDuncan Keith
63%
Columbus Blue JacketsJack Johnson
62.9%
Arizona CoyotesShane Doan
61.4%
Chicago BlackhawksMarian Hossa
61.1%
Boston BruinsBrad Marchand
60.3%
Ottawa SenatorsErik Karlsson
60.1%
Edmonton OilersRyan Nugent-Hopkins
58.6%
San Jose SharksPatrick Marleau
58.1%
St. Louis BluesVladimir Tarasenko
58%
Nashville PredatorsShea Weber
57.9%
Montreal CanadiensMax Pacioretty
57.6%
San Jose SharksJoe Pavelski
57%
Anaheim DucksRyan Kesler
54.4%
Los Angeles KingsJeff Carter
54.4%
Philadelphia FlyersJakub Voracek
53.8%
Calgary FlamesJohn Gaudreau
53.7%
Colorado AvalancheJarome Iginla
53.3%
Edmonton OilersJordan Eberle
53.3%
Colorado AvalancheMatt Duchene
52.7%
Los Angeles KingsDrew Doughty
52%
New York RangersMartin St. Louis
52%
Pittsburgh PenguinsKris Letang
50.8%
Boston BruinsMilan Lucic
49.8%
Colorado AvalancheGabriel Landeskog
48.6%
Hint Answer % Correct
Dallas StarsJason Spezza
48%
Winnipeg JetsBlake Wheeler
47.9%
St. Louis BluesT.J. Oshie
47.7%
Arizona CoyotesOliver Ekman-Larsson
47.6%
Nashville PredatorsFilip Forsberg
47.5%
New York IslandersKyle Okposo
47.3%
Minnesota WildMikko Koivu
47.2%
Tampa Bay LightningNikita Kucherov
46.5%
St. Louis BluesDavid Backes
45.7%
San Jose SharksBrent Burns
45.5%
San Jose SharksLogan Couture
45.3%
Columbus Blue JacketsNick Foligno
44.8%
Calgary FlamesSean Monahan
44.6%
Chicago BlackhawksBrandon Saad
44.4%
Calgary FlamesMark Giordano
44.1%
Carolina HurricanesJeff Skinner
43.8%
Columbus Blue JacketsRyan Johansen
43.4%
Winnipeg JetsAndrew Ladd
43%
Ottawa SenatorsBobby Ryan
42.4%
Los Angeles KingsMarian Gaborik
42.2%
Winnipeg JetsDustin Byfuglien
41.9%
Washington CapitalsMike Green
41.5%
Florida PanthersJonathan Huberdeau
40.8%
Philadelphia FlyersWayne Simmonds
40.5%
Nashville PredatorsCraig Smith
40.4%
New Jersey DevilsPatrik Elias
40.2%
Minnesota WildThomas Vanek
40%
Ottawa SenatorsMark Stone
39.9%
Calgary FlamesJiri Hudler
39.8%
Toronto Maple LeafsNazem Kadri
38.1%
Toronto Maple LeafsJames van Riemsdyk
38.1%
Colorado AvalancheRyan O'Reilly
38%
New York RangersDerek Stepan
37.9%
Pittsburgh PenguinsChris Kunitz
37.9%
Tampa Bay LightningOndrej Palat
36.9%
Arizona CoyotesKeith Yandle
36.7%
St. Louis BluesAlex Steen
35.1%
Detroit Red WingsNiklas Kronwall
34.9%
Minnesota WildJason Pominville
34.9%
Montreal CanadiensTomas Plekanec
34.8%
Detroit Red WingsTomas Tatar
34.5%
Toronto Maple LeafsTyler Bozak
34%
New York RangersMats Zuccarello
33.6%
Florida PanthersAaron Ekblad
33.5%
Nashville PredatorsRoman Josi
33.4%
Detroit Red WingsGustav Nyquist
33%
Vancouver CanucksRadim Vrbata
31.9%
Ottawa SenatorsKyle Turris
30.4%
Montreal CanadiensAndrei Markov
30.3%
Winnipeg JetsBryan Little
30%
Boston BruinsLoui Eriksson
29.7%
Hint Answer % Correct
Buffalo SabresBrian Gionta
29.6%
Buffalo SabresTyler Ennis
29.5%
Los Angeles KingsTyler Toffoli
28.7%
New Jersey DevilsAdam Henrique
28%
Washington CapitalsJohn Carlson
27.9%
Tampa Bay LightningRyan Callahan
27.8%
Pittsburgh PenguinsPatric Hornqvist
27.7%
Columbus Blue JacketsScott Hartnell
27.5%
New York RangersDerick Brassard
27.4%
Buffalo SabresMatt Moulson
27.2%
Ottawa SenatorsMike Hoffman
27.2%
Nashville PredatorsMike Ribeiro
26.7%
Philadelphia FlyersBrayden Schenn
26.1%
Boston BruinsDougie Hamilton
26%
Minnesota WildMikael Granlund
24.7%
Carolina HurricanesJustin Faulk
24.5%
Dallas StarsJohn Klingberg
23.7%
Carolina HurricanesElias Lindholm
23.1%
Anaheim DucksJakob Silfverberg
22.6%
Columbus Blue JacketsCam Atkinson
22.1%
Arizona CoyotesAntoine Vermette
21.9%
Florida PanthersJussi Jokinen
21.2%
St. Louis BluesJaden Schwartz
21.1%
Anaheim DucksSami Vatanen
21%
Winnipeg JetsMark Scheifele
20.6%
New Jersey DevilsMike Cammalleri
20.5%
New York IslandersBrock Nelson
20.3%
Washington CapitalsMarcus Johansson
20%
New York IslandersFrans Nielsen
18.5%
Philadelphia FlyersMark Streit
18.3%
Florida PanthersNick Bjugstad
18.1%
Detroit Red WingsJustin Abdelkader
17.4%
New York IslandersRyan Strome
16.8%
Colorado AvalancheAlex Tanguay
16.5%
Calgary FlamesDennis Wideman
15.9%
Montreal CanadiensDavid Desharnais
15.9%
Buffalo SabresZemgus Girgensons
15.8%
New Jersey DevilsScott Gomez
15.2%
Arizona CoyotesSam Gagner
15.1%
Vancouver CanucksNick Bonino
14.6%
Boston BruinsCarl Soderberg
13.2%
Carolina HurricanesVictor Rask
12.3%
Buffalo SabresChris Stewart
10.9%
Florida PanthersBrad Boyes
10.9%
Dallas StarsCody Eakin
10.9%
Edmonton OilersBenoit Pouliot
10%
Toronto Maple LeafsCody Franson
9.1%
Edmonton OilersTeddy Purcell
7.8%
Vancouver CanucksChris Higgins
7.2%
New Jersey DevilsSteve Bernier
4.8%

From the Vault

NFL 2015: Losing Record Minefield

by manonthemoon

Sports 2m
That just means these teams have more time this offseason to prep for next year.
Remove Ads.
Support Sporcle.
Get the best of Sporcle when you Go Orange. This ad-free experience offers more features, more stats, and more fun while also helping to support Sporcle. Thank you for becoming a member.

Show Comments

Extras

Top Quizzes Today


Score Distribution

Your Account Isn't Verified!

In order to create a playlist on Sporcle, you need to verify the email address you used during registration. Go to your Sporcle Settings to finish the process.

Report this User

Report this user for behavior that violates our Community Guidelines.

Details: